Labour problems & remedies / (Record no. 125337)

MARC details
000 -LEADER
fixed length control field 00660nam a22002297a 4500
005 - DATE AND TIME OF LATEST TRANSACTION
control field 20170124105952.0
010 ## - LIBRARY OF CONGRESS CONTROL NUMBER
LC control number A-314436
020 ## - INTERNATIONAL STANDARD BOOK NUMBER
Terms of availability 00.00
International Standard Book Number 8185200017
035 ## - SYSTEM CONTROL NUMBER
System control number A-314436
037 ## - SOURCE OF ACQUISITION
Source of stock number/acquisition Cen Lib/Ret
040 ## - CATALOGING SOURCE
Original cataloging agency DPL
Language of cataloging EN
082 ## - DEWEY DECIMAL CLASSIFICATION NUMBER
Classification number 331
100 ## - MAIN ENTRY--PERSONAL NAME
Personal name Kumar, H.L.
9 (RLIN) 7608
245 ## - TITLE STATEMENT
Title Labour problems & remedies /
Statement of responsibility, etc by H.L.Kumar
250 ## - EDITION STATEMENT
Edition statement 4th ed
260 ## - PUBLICATION, DISTRIBUTION, ETC. (IMPRINT)
Place of publication, distribution, etc Delhi
Name of publisher, distributor, etc Universal book traders
Date of publication, distribution, etc 1988
270 ## - ADDRESS
Address 80,Gokhle market Opp - New Courts
City Delhi
Postal code 110054
300 ## - PHYSICAL DESCRIPTION
Extent Ivi,320p.
Dimensions 21cm(Hb)
650 ## - SUBJECT ADDED ENTRY--TOPICAL TERM
Topical term or geographic name as entry element Industrial efficiency
9 (RLIN) 13774
650 ## - SUBJECT ADDED ENTRY--TOPICAL TERM
Topical term or geographic name as entry element Labor laws and legislation
9 (RLIN) 8613
942 ## - ADDED ENTRY ELEMENTS (KOHA)
Source of classification or shelving scheme Dewey Decimal Classification
Koha item type English Books
Classification part 331
Call number suffix KUM
Holdings
Withdrawn status Lost status Damaged status Not for loan Home library Current library Date acquired Source of acquisition Cost, normal purchase price Total Checkouts Full call number Barcode Date last seen Copy number Cost, replacement price Price effective from Koha item type
        Central Library Central Library 20/06/2015 Cen Lib/Ret 0.00   331 KUM A-314436 20/06/2015 1 0.00 20/06/2015 English Books

© Delhi Public Library
Hit Counter
free hit counter